Vyuzitie statistickej a fraktalovej analyzy pre vyjadrenie inflacneho rizika a rizika urokovej miery bakalárska práca

Salvato in:
Dettagli Bibliografici
Autore principale: Vavro, Matej
Ente Autore: Fakulta hospodárskej informatiky EU. Katedra aplikovanej informatiky
Altri autori: Turňa, Ľubomír
Natura: Libro
Lingua:slovacco
Pubblicazione: Bratislava 2018
Tags: Aggiungi Tag
Nessun Tag, puoi essere il primo ad aggiungerne!!

MARC

LEADER 00000nbm a2200000 4500
001 0245291
005 20181015111030.6
041 0 |a slo 
044 |a SK 
245 1 0 |a Vyuzitie statistickej a fraktalovej analyzy pre vyjadrenie inflacneho rizika a rizika urokovej miery  |b bakalárska práca  |c Matej Vavro ; školiteľ: Ľubomír Turňa 
264 1 |a Bratislava  |c 2018 
300 |a 40 s. 
100 1 |a Vavro, Matej 
700 1 |a Turňa, Ľubomír 
710 2 |a Fakulta hospodárskej informatiky EU. Katedra aplikovanej informatiky